[Event "AUTO-ELITE-2303"]
[Site "http://www.queenalice.com/game.php?id=1640324"]
[Date "2021.1.17"]
[Round "1"]
[White "Maciej1980"]
[Black "Rhavstur"]
[Result "0-1"]
[WhiteElo "2290"]
[BlackElo "2557"]

1. e4 c6 2. d4 d5 3. f3 e6 4. Nc3 Bb4 5. a3 Bxc3+ 6. bxc3 dxe4 7. a4 Nd7 8. Ba3
Ngf6 9. Bc4 Nb6 10. Bb3 Nfd5 11. c4 Ne3 12. Qd2 Nbxc4 13. Bxc4 Nxc4 14. Qc3 Nxa3
15. Rxa3 O-O 16. Ne2 exf3 17. Qxf3 Qa5+ 18. Kf2 e5 19. Rd1 Be6 20. dxe5 f6 21.
Kg1 fxe5 22. Qe3 Bf5 23. c4 Rad8 24. Rf1 Bd3 25. Rxf8+ Rxf8 26. Ng3 Qb4 27. Ra1
Qb2 28. Re1 Bxc4 29. Qxe5 Qf2+ 30. Kh1 Bf1 0-1

[Event "AUTO-ELITE-2303"]
[Site "http://www.queenalice.com/game.php?id=1640325"]
[Date "2021.1.17"]
[Round "1"]
[White "Rhavstur"]
[Black "Maciej1980"]
[Result "1-0"]
[WhiteElo "2576"]
[BlackElo "2283"]

1. Nf3 d5 2. g3 g6 3. Bg2 Bg7 4. d3 e5 5. O-O Nc6 6. Nbd2 Nge7 7. e4 O-O 8. c3
Be6 9. Ng5 Qd7 10. Nxe6 Qxe6 11. exd5 Nxd5 12. Qb3 Nce7 13. c4 Nb6 14. Bxb7 Rab8
15. Bg2 Rfd8 16. Ne4 Nf5 17. Qa3 Nc8 18. Rb1 Bf8 19. b4 c5 20. b5 f6 21. f4 Nd4
22. fxe5 Qxe5 23. Nxf6+ Kh8 24. Bb2 Qe3+ 25. Kh1 Qh6 26. Rbe1 Bg7 27. Qxc5 Nf5
28. Be5 Ncd6 29. g4 Rbc8 30. Qxa7 Nh4 31. Bd5 Nxb5 32. cxb5 Rxd5 33. Nxd5 Bxe5
34. Rxe5 Qd2 35. Re8+ Rxe8 36. Qd4+ 1-0

[Event "AUTO-ELITE-2303"]
[Site "http://www.queenalice.com/game.php?id=1640326"]
[Date "2021.1.17"]
[Round "1"]
[White "Maciej1980"]
[Black "CCapivara"]
[Result "1-0"]
[WhiteElo "2284"]
[BlackElo "2191"]

1. e4 d6 2. d4 Nf6 3. Nc3 c6 4. f4 Qa5 5. Bd3 e5 6. Nf3 Bg4 7. Be3 Nbd7 8. O-O
Be7 9. h3 Bxf3 10. Qxf3 O-O 11. Ne2 Rad8 12. a3 Qc7 13. b4 c5 14. c3 b6 15. Ng3
Rfe8 16. Nf5 Bf8 17. g4 exd4 18. cxd4 c4 19. Bc2 g6 20. Nxd6 Bxd6 21. e5 Be7 22.
exf6 Bxf6 23. f5 Nf8 24. Rad1 g5 25. Rfe1 h6 26. d5 Nd7 27. Bf2 b5 28. d6 Rxe1+
29. Bxe1 Qb6+ 30. Bf2 Qb8 31. Qe3 a6 32. Be4 Be5 33. Bg3 f6 34. Bxe5 Nxe5 35.
Qc5 h5 36. gxh5 Kg7 37. d7 Nxd7 38. Qe7+ Kh6 39. Rxd7 Qg3+ 40. Bg2 Rxd7 41.
Qxf6+ Kh7 42. Qg6+ Kh8 43. Qe8+ Kg7 44. Qxd7+ 1-0

[Event "AUTO-ELITE-2303"]
[Site "http://www.queenalice.com/game.php?id=1640327"]
[Date "2021.1.17"]
[Round "1"]
[White "CCapivara"]
[Black "Maciej1980"]
[Result "1/2-1/2"]
[WhiteElo "2200"]
[BlackElo "2293"]

1. e4 e5 2. Nc3 Nf6 3. f4 d5 4. exd5 e4 5. Bb5+ c6 6. dxc6 bxc6 7. Bc4 Bc5 8.
Qe2 O-O 9. Na4 Bd6 10. b3 Bxf4 11. Bb2 Re8 12. O-O-O e3 13. dxe3 Bxe3+ 14. Kb1
Qe7 15. Nf3 Bg4 16. h3 Bxf3 17. Qxf3 Nbd7 18. g4 Qe4 19. Qxe4 Rxe4 20. Rhe1 Rae8
21. a3 Nb6 22. Nxb6 axb6 23. Bxf6 gxf6 24. c3 b5 25. Bd3 R4e5 26. Kc2 Bc5 27.
Rxe5 fxe5 28. a4 bxa4 29. bxa4 e4 30. Bc4 e3 31. a5 Re7 32. a6 Kg7 33. Rf1 Rd7
34. Bd3 Re7 35. Kd1 h6 36. Ke2 Ba7 37. Rb1 Kf6 38. Rb7 Rxb7 39. axb7 Ke5 40. Kf3
Kd6 41. h4 Kc7 42. g5 hxg5 43. h5 Bc5 44. h6 Bf8 45. h7 Bg7 46. Kxe3 Kxb7 47. c4
Kb6 48. Ke4 Kc5 49. Kf5 Kd4 50. Bf1 c5 51. Kxg5 1/2-1/2

[Event "AUTO-MASTER-2973"]
[Site "http://www.queenalice.com/game.php?id=1644949"]
[Date "2021.2.27"]
[Round "2"]
[White "Rhavstur"]
[Black "Maciej1980"]
[Result "1-0"]
[WhiteElo "2574"]
[BlackElo "2286"]

1. Nf3 d5 2. g3 c6 3. Bg2 Bf5 4. d3 e6 5. O-O Nf6 6. Nbd2 Be7 7. Qe1 O-O 8. e4
Bg6 9. Ne5 Nbd7 10. Nxg6 hxg6 11. e5 Ne8 12. Nf3 Qb6 13. Be3 c5 14. c3 Nc7 15.
Qe2 Qa6 16. Rfe1 b5 17. Bg5 Rfe8 18. Bxe7 Rxe7 19. Qe3 Rb8 20. d4 c4 21. Qg5
Ree8 22. Qf4 b4 23. Ng5 Re7 24. Re3 bxc3 25. Qh4 Nf8 26. g4 f6 27. Rh3 fxg5 28.
Qh8+ Kf7 29. Rf3+ 1-0

[Event "AUTO-MASTER-2973"]
[Site "http://www.queenalice.com/game.php?id=1644950"]
[Date "2021.2.27"]
[Round "2"]
[White "Maciej1980"]
[Black "Rhavstur"]
[Result "0-1"]
[WhiteElo "2293"]
[BlackElo "2557"]

1. e4 c6 2. d4 d5 3. Nc3 dxe4 4. Nxe4 Nf6 5. Nxf6+ exf6 6. c3 Bd6 7. Bd3 O-O 8.
Ne2 Re8 9. O-O Nd7 10. Re1 Nf8 11. Bf4 Rxe2 0-1

[Event "AUTO-ELITE-2345"]
[Site "http://www.queenalice.com/game.php?id=1764048"]
[Date "2021.7.9"]
[Round "1"]
[White "Maciej1980"]
[Black "BEBADO"]
[Result "1/2-1/2"]
[WhiteElo "2280"]
[BlackElo "2302"]

1. e4 c6 2. d4 d5 3. Nc3 dxe4 4. Nxe4 Bf5 5. Ng3 Bg6 6. Nf3 Nd7 7. h4 h6 8. h5
Bh7 9. Bd3 Bxd3 10. Qxd3 Ngf6 11. Bf4 Qa5+ 12. Bd2 Qc7 13. O-O-O e6 14. Kb1
O-O-O 15. c4 Kb8 16. Bc3 Be7 17. Rhe1 Rhe8 18. Qc2 Ka8 19. Ne5 Rf8 20. f4 c5 21.
d5 exd5 22. cxd5 Bd6 23. Nf5 Nxh5 1/2-1/2

[Event "AUTO-ELITE-2345"]
[Site "http://www.queenalice.com/game.php?id=1764049"]
[Date "2021.7.9"]
[Round "1"]
[White "BEBADO"]
[Black "Maciej1980"]
[Result "1/2-1/2"]
[WhiteElo "2310"]
[BlackElo "2281"]

1. d4 d5 2. c4 e6 3. Nc3 Nf6 4. Nf3 Bb4 5. e3 O-O 6. Bd3 b6 7. O-O Bb7 8. a3 Bd6
9. b4 c5 10. bxc5 bxc5 11. Qe2 Nc6 12. cxd5 exd5 13. dxc5 Bxc5 14. Bb2 a5 15.
Rfd1 Re8 16. Qc2 Bd6 17. Bb5 Rc8 18. Qa4 Re6 19. Bd3 Ne5 20. Bf5 Nxf3+ 21. gxf3
Re5 22. Bxc8 Qxc8 23. Ne2 Rg5+ 24. Ng3 Qh3 25. Bxf6 gxf6 26. Rd4 Bxg3 27. hxg3
Rxg3+ 28. fxg3 1/2-1/2

[Event "AUTO-ELITE-2345"]
[Site "http://www.queenalice.com/game.php?id=1764050"]
[Date "2021.7.9"]
[Round "1"]
[White "Maciej1980"]
[Black "Donidon"]
[Result "0-1"]
[WhiteElo "2282"]
[BlackElo "2272"]

1. e4 e5 2. Nf3 Nc6 3. Bc4 Nf6 4. d4 exd4 5. e5 d5 6. Bb5 Ne4 7. O-O Bc5 8. Nxd4
Bd7 9. Bxc6 bxc6 10. c3 Qh4 11. Be3 Bb6 12. Nd2 O-O 13. f3 Nxd2 14. Qxd2 Qh5 15.
f4 f6 16. e6 Bxd4 17. exd7 Bxe3+ 18. Qxe3 Rad8 19. Qxa7 Rxd7 20. a4 Re8 21. Rae1
Rde7 22. Rxe7 Rxe7 23. a5 Qe8 24. a6 Re2 25. b4 Ra2 0-1

[Event "AUTO-ELITE-2345"]
[Site "http://www.queenalice.com/game.php?id=1764051"]
[Date "2021.7.9"]
[Round "1"]
[White "Donidon"]
[Black "Maciej1980"]
[Result "1-0"]
[WhiteElo "2313"]
[BlackElo "2270"]

1. e4 e5 2. f4 exf4 3. Nf3 g5 4. d4 Bg7 5. Bc4 Nh6 6. O-O O-O 7. Nc3 d6 8. Nd5
Nc6 9. c3 Bg4 10. h4 Bxf3 11. Qxf3 Na5 12. Bd3 c6 13. Nb4 c5 14. Nc2 cxd4 15.
cxd4 Nc6 16. hxg5 Nxd4 17. Qxf4 Ne6 18. Qg3 Kh8 19. gxh6 Be5 20. Qh3 Rc8 21. Be3
b6 22. Qh5 Bxb2 23. e5 f5 24. exf6 Rxf6 25. Rxf6 Bxf6 26. Qf5 Qe7 27. Rf1 1-0

[Event "AUTO-ELITE-2379"]
[Site "http://www.queenalice.com/game.php?id=1776340"]
[Date "2021.12.5"]
[Round "1"]
[White "Maciej1980"]
[Black "Toits"]
[Result "0-1"]
[WhiteElo "2232"]
[BlackElo "2589"]

1. e4 e5 2. Nf3 Nc6 3. Bc4 Bc5 4. c3 Nf6 5. Qe2 O-O 6. O-O d6 7. h3 h6 8. d3 a5
9. Be3 Bxe3 10. Qxe3 Re8 11. Nbd2 Ne7 12. a4 Ng6 13. Rfe1 Nf4 14. d4 Bxh3 0-1

[Event "AUTO-ELITE-2379"]
[Site "http://www.queenalice.com/game.php?id=1776341"]
[Date "2021.12.5"]
[Round "1"]
[White "Toits"]
[Black "Maciej1980"]
[Result "1-0"]
[WhiteElo "2582"]
[BlackElo "2239"]

1. d4 d5 2. c4 e6 3. Nc3 Nf6 4. Nf3 Bb4 5. cxd5 exd5 6. Bg5 O-O 7. e3 c6 8. Bd3
Bg4 9. Qb3 Bxc3+ 10. bxc3 b6 11. Ne5 Be6 12. O-O h6 13. Bh4 1-0

[Event "AUTO-ELITE-2379"]
[Site "http://www.queenalice.com/game.php?id=1776343"]
[Date "2021.12.5"]
[Round "1"]
[White "trompmaster"]
[Black "Maciej1980"]
[Result "1-0"]
[WhiteElo "2482"]
[BlackElo "2237"]

1. d3 d5 2. Nd2 e5 3. Ngf3 Nc6 4. h3 Nf6 5. e4 dxe4 6. dxe4 Bc5 7. c3 a6 8. Be2
O-O 9. Qc2 Be6 10. g4 Qd7 11. Rg1 Rfd8 12. Nf1 b5 13. Ng3 1-0

[Event "AUTO-ELITE-2531"]
[Site "http://www.queenalice.com/game.php?id=1834768"]
[Date "2024.4.8"]
[Round "1"]
[White "Sexxy_Bunny"]
[Black "Maciej1980"]
[Result "1-0"]
[WhiteElo "2711"]
[BlackElo "2257"]

1. e4 e5 2. Nf3 Nc6 3. Bb5 a6 4. Ba4 b5 5. Bb3 Nf6 6. O-O Be7 7. Re1 d6 8. c3
O-O 9. h3 Bb7 10. d4 exd4 11. cxd4 Na5 12. Bc2 c5 13. d5 Nc4 14. b3 Ne5 15. Nxe5
dxe5 16. Bb2 Bd6 17. a4 g6 18. Na3 Qb6 19. Qe2 c4 20. bxc4 b4 21. c5 Qxc5 22.
Nc4 Nd7 23. Rac1 Bb8 24. Bb3 Qe7 25. d6 Qf6 26. Na5 Ra7 27. Red1 Rc8 28. Rxc8+
Bxc8 29. Qc4 Bxd6 30. Rxd6 Qxd6 31. Qxf7+ 1-0

[Event "AUTO-ELITE-2531"]
[Site "http://www.queenalice.com/game.php?id=1834769"]
[Date "2024.4.8"]
[Round "1"]
[White "Maciej1980"]
[Black "Sexxy_Bunny"]
[Result "0-1"]
[WhiteElo "2258"]
[BlackElo "2709"]

1. e4 c5 2. Nc3 Nc6 3. f4 g6 4. Nf3 Bg7 5. d3 d6 6. g3 e6 7. Bg2 Nge7 8. O-O O-O
9. Be3 Nd4 10. Rb1 Rb8 11. Ne2 Nxf3+ 12. Bxf3 b6 13. g4 f5 14. Ng3 Bb7 15. g5
Qd7 16. c4 e5 17. Qe2 Rbe8 18. Qg2 exf4 19. Bxf4 fxe4 20. Bxe4 d5 21. cxd5 Bxd5
22. b3 Bd4+ 23. Kh1 Be6 24. Qd2 Nd5 25. Bg2 Rxf4 0-1

[Event "AUTO-ELITE-2531"]
[Site "http://www.queenalice.com/game.php?id=1834772"]
[Date "2024.4.8"]
[Round "1"]
[White "RaulSoft"]
[Black "Maciej1980"]
[Result "1-0"]
[WhiteElo "2548"]
[BlackElo "2253"]

1. d4 Nf6 2. c4 g6 3. Nc3 Bg7 4. e4 d6 5. h3 O-O 6. Be3 e5 7. d5 Ne8 8. g4 f5 9.
gxf5 gxf5 10. exf5 Bxf5 11. Nge2 Nf6 12. Ng3 Bg6 13. h4 Nbd7 14. h5 Bf7 15. h6
Bh8 16. Bh3 Bg6 17. Be6+ Rf7 18. f3 Nc5 19. Bxc5 dxc5 20. Nce4 c6 21. Qd2 cxd5
22. cxd5 c4 23. Ng5 Qb6 24. Nxf7 Bxf7 25. Nf5 Bxe6 26. dxe6 Qxe6 27. Rg1+ Kf8
28. Qb4+ Ke8 29. Rg7 Nd5 30. Qxb7 Rd8 31. Rxh7 1-0

[Event "AUTO-ELITE-2531"]
[Site "http://www.queenalice.com/game.php?id=1834773"]
[Date "2024.4.8"]
[Round "1"]
[White "Maciej1980"]
[Black "RaulSoft"]
[Result "0-1"]
[WhiteElo "2256"]
[BlackElo "2546"]

1. e4 e5 2. Nf3 Nc6 3. Bc4 Bc5 4. O-O Nf6 5. Nc3 d6 6. h3 a6 7. d3 Na5 8. Bg5
Nxc4 9. dxc4 Be6 10. b3 h6 11. Bd2 g5 12. Nh2 g4 13. Nxg4 Nxg4 14. hxg4 Qh4 15.
Be3 h5 16. g5 Bxe3 17. fxe3 Qxg5 18. Qf3 O-O-O 19. Nd5 Rdg8 20. Rf2 Rg6 21. Kf1
c6 22. Nc3 Qh4 23. g3 Rxg3 24. Qf6 Qxf6 25. Rxf6 Rxe3 26. Ne2 Rxe4 27. Rd1 Kd7
28. c5 d5 29. Kf2 Ke7 30. Rf3 Bg4 31. Re3 Rxe3 0-1